Družstevní práce - Sutnar, Sudek
Saved in:
| Other Authors | |
|---|---|
| Format | Book |
| Language | Czech English |
| Published |
Praha :
Uměleckoprůmyslové muzeum : Arbor vitae,
[2006]
|
| Subjects | |
| ISBN | 8071010669 |
| Physical Description | 250 s. : il. (některé barev.), portréty + 1 katalog (12 s.) |
| LEADER | 00000cam a2200000 a 4500 | ||
|---|---|---|---|
| 001 | 29994 | ||
| 003 | CZ-ZlUTB | ||
| 005 | 20250416130648.0 | ||
| 008 | 070126q2006 xr | |000 0 cze | ||
| 952 | |0 0 |1 0 |4 0 |6 7376DRUŽSTEVNÍ |7 0 |8 BOOK |9 72605 |a UTBZL |b UTBZL |c 013 |d 2007-03-06 |l 2 |o 73/76/DRUŽSTEVNÍ |p 420010105587 |r 2019-08-25 00:00:00 |v 600.00 |w 2019-08-25 |x N.nákup | 20100920 |y 09 | ||
| 999 | |c 29994 |d 29994 | ||
| 020 | |a 8071010669 |c Kč 600,00 | ||
| 040 | |a ULG001 |b cze |d ZLD002 | ||
| 041 | 0 | |a cze |a eng | |
| 072 | 7 | |a 72/76 |x Výtvarné umění |2 Konspekt |9 21 | |
| 080 | |a 77.03/.08 |2 czenas | ||
| 080 | |a 72/76 |2 czenas | ||
| 080 | |a 76 |2 czenas | ||
| 080 | |a 77-051 |2 czenas | ||
| 080 | |a (437.3) |2 czenas | ||
| 080 | |a 7.05 |2 czenas | ||
| 245 | 0 | 0 | |a Družstevní práce - Sutnar, Sudek / |c Lucie Vlčková, ed. |
| 260 | |a Praha : |b Uměleckoprůmyslové muzeum : |b Arbor vitae, |c [2006] | ||
| 300 | |a 250 s. : |b il. (některé barev.), portréty + |e 1 katalog (12 s.) | ||
| 500 | |a Vydáno při příležitosti stejnojmenné výstavy konané v Uměleckoprůmyslovém muzeu 13. prosince 2006 - 18. února 2007. | ||
| 500 | |a Souběžný anglický text | ||
| 500 | |a Obsahuje bibliografii a rejstřík | ||
| 600 | 1 | 7 | |a Sudek, Josef, |d 1896-1976 |7 jk01121661 |2 czenas |
| 600 | 1 | 7 | |a Sutnar, Ladislav, |d 1897-1976 |7 jk01121812 |2 czenas |
| 610 | 2 | 7 | |a Družstevní práce (projekt) |7 mzk2006358060 |2 czenas |
| 650 | 0 | 7 | |a fotografie |7 ph114585 |z Česko |y 20. století |2 czenas |
| 650 | 0 | 7 | |a fotografové |7 ph120335 |z Česko |y 20. století |2 czenas |
| 650 | 0 | 7 | |a designéři |7 ph119395 |z Česko |y 20. století |2 czenas |
| 650 | 0 | 7 | |a umělecká fotografie |7 ph126879 |z Česko |y 20. století |2 czenas |
| 650 | 0 | 7 | |a grafika |7 ph120598 |z Česko |y 20. století |2 czenas |
| 650 | 0 | 7 | |a výtvarné umění |7 ph116708 |z Česko |y 20. století |2 czenas |
| 650 | 0 | 4 | |a kulturní instituce |z Česko |y 20. století |
| 700 | 1 | |a Vlčková, Lucie, |d 1975- |7 xx0058649 |4 edt | |
| 710 | 2 | |a Uměleckoprůmyslové museum (Praha, Česko) |7 kn20010709113 |4 oth | |
| 910 | |a ZLD002 | ||
| 942 | |2 udc | ||
| 992 | |a BK | ||